| 000 | 00590nam a22001937a 4500 | ||
|---|---|---|---|
| 999 |
_c172207 _d172207 |
||
| 005 | 20200129115246.0 | ||
| 010 | _a184121 | ||
| 020 | _c2.75 | ||
| 035 | _a184121 | ||
| 037 | _bBPPD/Pub. | ||
| 082 | _a846 | ||
| 100 | _aمجنون گور کھپوری | ||
| 245 |
_aپرد یسی کے خطوط / _cمجنون گور کھپوری |
||
| 246 |
_aPardesi ke Khatoot (Urdu) / _bby Majnoon Gaur Khapoori |
||
| 260 |
_aNew Delhi _bMaktaba Jamia _c1961 ء |
||
| 270 |
_aMaktaba Jamia, Jamia Nagar _bNew Delhi |
||
| 300 |
_a216p. _c18cm(Hb) |
||
| 942 |
_2ddc _cUR _h846 _mم ج ن |
||